NFL QB 2022-2023 (Day before draft) - Statistics

General Stats
  • This quiz has been taken 201 times
  • The average score is 29 of 32
Answer Stats
Hint Answer % Correct
Vikings Cousins
98%
Bears Fields
97%
Bengals Burrow
96%
Lions Goff
96%
Packers Rodgers
96%
Bucs Brady
95%
Giants Jones
95%
Patriots Jones
95%
Chiefs Mahomes
95%
Dolphins (First Name) Tua
95%
Jets Wilson
95%
Broncos Wilson
95%
Bills Allen
94%
Rams Stafford
94%
Raiders Carr
93%
Chargers Herbert
93%
Eagles Hurts
93%
Ravens Jackson
93%
Cardinals Murray
93%
Cowboys Prescott
93%
Jaguars Lawrence
91%
49ers Lance
90%
Colts Ryan
90%
Titans Ryan
90%
Saints Winston
90%
Browns Watson
88%
Texans Mills
87%
Falcons Mariota
85%
Panthers Darnold
82%
Commanders Wentz
82%
Seahawks Lock
79%
Steelers (First Name) Mitch
76%
No matching quizzes found
Score Distribution
Percent of People with Each Score
Percentile by Number Answered
Your Score History
You have not taken this quiz